Quizzes
Events
Quiz Creation
Community
Videos
Private Events
Remove Ads
Sign In
Join for FREE
Feedback
Dark Mode
Quiz Categories
Sports
Geography
Music
Movies
Television
Just For Fun
Miscellaneous
History
Literature
Language
Science
Gaming
Entertainment
Religion
Holiday
For Kids
Quiz Lab
Recent
Popular Today
Quiz Kudos Today
Editor Picks
Curator Picks
Quizzes by...
Day
Popularity
Type
Ratings
Length
Year
Community
Subscriptions
Recent Discussions
Orange Saloon
Badges
Playlists
Quests
Create
Leaderboards
Showdown
Live 5
Trivia Bingo
Activity
Puzzle Library
Sporcle Events
Private Events
Virtual Trivia
Globe League
Become a Host
Pub Owners
SporcleCon
Opinionation
Our Games
Videos
Blog
Mobile Apps
Partnerships
Remove Ads and Go Orange
Feedback
Sports
Athletes
MLB
NBA
NHL
NFL
Soccer
Sports Teams
WWE
NCAA
Football
Premier League
Basketball
Baseball
Hockey
Golf
Tennis
Cricket
Rugby
Auto Racing
Olympics
World Cup
Sports
Athletes
MLB
NBA
NHL
NFL
Soccer
Sports Teams
WWE
NCAA
Football
Premier League
Basketball
Baseball
Hockey
Golf
Tennis
Cricket
Rugby
Auto Racing
Olympics
World Cup
Random Quiz
Search Sporcle
×
Quiz Lab
Quiz Lab
Sports
Skiing
Type in answers that appear in a list
Type in answers that appear in a list
Classic
Best Score? Go Orange.
G.N.A.R. Points Stats
Can you name the extra credit tasks for points in the game of G.N.A.R.?
By
Dirtc
10m
52 Questions
22 Plays
22 Plays
22 Plays
Comments
Comments
Give Quiz Kudos
Give Quiz Kudos
-
- Ratings
hide this ad
Random Order
Randomize order of answers
Randomize order of answers
Replay
Link that replays current quiz
Next Quiz
Link to next quiz in quiz playlist
You Got
0%
They Got
Avg Score
21%
Avg Friend Score
Upgrade to see
Score Distribution
Jump to the score distribution portion of the page
Score
0/52
Timer
10:00
0
Plays Today
Abbreviation
Extra Credit Task
% Correct
BN (Unlimited) 10,000W/
5,000M
Butt Naked
90.9%
PC (Daily) 500
Pro Call Out
72.7%
EF (Yearly) 1,000,000
Enchanted Forest Gnome
63.6%
ML (Yearly) 7,000
Mom Line
63.6%
CB (Daily) 3,000/
5,000
Cook Brekie
59.1%
PW (Unlimited) 200
Pole Whacker
54.5%
MS (Yearly) 15,000
Mono Skiing
54.5%
FK (Daily) 5,000
First KT Chair
50%
FL (Daily) 10,000
Froot Lingerie
50%
FB (Unlimited) 50
Fart Bag
45.5%
TB (Daily) 1,500
Ten Bucks
45.5%
RY (Unlimited) 200
Radness Yell
27.3%
EG (Unlimited) 500
Ego Claim
22.7%
FC (Unlimited) 500
Fart Claim
22.7%
UL (Unlimited) 200
Urinate Line
22.7%
GT (Daily) 500
Goggle Tan
22.7%
NM (Daily) 1,000
Nug to McKitterick
22.7%
DD (Yearly) 15,000
Debbie Dutton
22.7%
TS (Unlimited) 200
Talk Smack
18.2%
TA (Daily) 2,000
Tram Announcement
18.2%
BS (Yearly) 7,000
Backwards Ski
18.2%
HT (Yearly) 10,000
Hot Tub
18.2%
LR (Unlimited) 200
Lagger
13.6%
SC (Unlimited) 200
Steal Clothes
13.6%
PP (Daily) 2,000
Pole Position
13.6%
BD (Yearly) 30,000
Blue's Diet
13.6%
Abbreviation
Extra Credit Task
% Correct
KS (Yearly) 10,000
Kiss Schmidt
13.6%
PP (Yearly) 10,000
Pass Picture
13.6%
CG (Unlimited) 300
Cat Track Gap
9.1%
OS (Unlimited) 200
Old School
9.1%
AB (Daily) 3,000
Abdominals with Bossi
9.1%
EB (Daily) 1,000
Extreme Brag
9.1%
FKF (Daily) 6,000
First KT Chair to Fingers
9.1%
HW (Daily) 2,000
Headwall Wrap
9.1%
KHG (Daily) 3,000
KT, Headwall, Granite
9.1%
SR (Daily) 2,000
Slasher
9.1%
BE (Yearly) 10,000
Blue's Enduro
9.1%
CP (Yearly) 8,000
Cushing Pond
9.1%
KB (Yearly) 10,000
Kiss Burt
9.1%
LD (Yearly) 10,000
Lee Dooby
9.1%
TD (Yearly) 8,000
Tom Day
9.1%
SA (Yearly) 10,000
Sticker Art
9.1%
A3 (Unlimited) 50
After 3pm
4.5%
FY (Unlimited) 200
First of Year
4.5%
RA (Unlimited) 200
Rope Air
4.5%
SB(Unlimited) 200
Snowball
4.5%
BT (Daily) 1,000
Bra Tree
4.5%
SS (Daily) 2,000
Surfer Steve
4.5%
EH (Yearly) 20,000
Employee Housing
4.5%
FH (Yearly) 15,000
Funitel BJ
4.5%
LF (Yearly) 10,000
Lost and Found
4.5%
PL (Yearly) 10,000
Postman Larry
4.5%
Quiz Playlist
Details
Report
Send in Message
Add To Playlist
Classic:
Type in answers that appear in a list
Random Order:
Randomize order of answers
Last Updated: Feb 16, 2017
Quiz Scoreboard
CHALLENGE
Sign Up to Join the Scoreboard
Show All
Scores
Hide
Comments
May contain spoilers
Recently Published
Decade Duel: World Leaders
by jenniferyan
History
4m
Alphabetical 'K' Countries by Flag Minefield
by ylime102
Geography
3m
Pick 6: Fruits
by JohnFran
Miscellaneous
15s
More to Explore
Quiz From the Vault
Featured Blog Post
15 Basketball Trivia Facts You Can Be March Mad About
hide this ad
You Might Also Like...
Tags
Extra Points
ski
Skiing
Today's Top Quizzes in Sports
Browse Sports
hide this ad
Today's Top Quizzes in Skiing
Browse Skiing
Top Contributed Quizzes in Sports
1
Les joueurs à 100 buts en Ligue 1 Uber Eats
2
Pick 6: NFL Teams
3
2022 World Cup Stars
4
MLB 2 truths and a lie: Hall of Fame pitchers
5
Millionaire: NBA Finals Edition
6
Pick 6: Minor League Baseball
7
Criteria MLB: Left Handed Sluggers
8
Click the 1998 NBA Draft
9
Pick 6: Olympics
10
Don't Strike Out: 3000 Strikeouts
Explore More
Trending Topics
Crossword
NBA
Harry Potter
Anime
Kpop
Disney
Marvel
Soccer
NFL
Song
Country
WWE
Puzzle
Pokémon
The Office
hide this ad
More By:
Dirtc
Quiz
Plays
Rating
Category
Featured
Created
What Grease Is
1,036
4.43
Music
May 24, 2013
Olympic Medal Count Winners
698
4.00
Sports
Feb 21, 2010
Winners of the 24 Hours of Le Mans
557
2.13
Sports
Apr 12, 2010
Famous Cars in Movies
406
2.20
Movies
Jan 2, 2010
Country Quiz: Swaziland
384
4.20
Geography
Nov 19, 2010
Go to Creator's Profile
Score Distribution
Quiz Creator Spotlight
Dirtc
Follow
Send a Message
Quizzes Created
-
Created Quiz Play Count
-
More By This Creator
Popular Quizzes Today
1
Countries of Asia Without Outlines Minefield
2
Find the US States - No Outlines Minefield
3
Pick 6: Fruits
4
Alphabetical 'K' Countries by Flag Minefield
5
The Countries of the World
6
Find the Countries of Europe - No Outlines Minefield
7
Find the US States
8
US States
More Sports Quizzes
BBC Sports Person of the Year
Published
Trending Quizzes
Pick 6: Mountains
Pick 6: Harry Potter
Pick 6: Flags
Pick 6: NFL Teams
Pick 6: Movie Franchises
Recently Updated
NWSL Teams
pecheneg
Women's Final Four Teams by Year
bhenderson79
Presidents Quartet II
eogle
Anything But Clue(do)
eogle
Anything But Oceanian Capitals
eogle
Anything But 7
eogle
Anything But Thing
eogle
Word Ladder: February 29
pecheneg
Song Title Questions
pecheneg
Women's NCAA Tournament #1 Seeds
pecheneg
Trending Topics
Disney
NBA
Harry Potter
Anime
Marvel
Crossword
Kpop
WWE
Country
Pokémon
NFL
Puzzle
The Office
Soccer
Song
Your Account Isn't Verified!
In order to create a playlist on Sporcle, you need to verify the email address you used during registration. Go to your
Sporcle Settings
to finish the process.
Report this User
Report this user for behavior that violates our
Community Guidelines
.
Details:
Send Report
Go to the Sporcle.com Mobile Site →
Comments